000 00667nam a22002417a 4500
003 UA-OsUOA
001 29658
007 ta
008 20041020b un ||||| |||| 00| 0 ukr d
100 _aГоловаха І.
090 _a82.09(477)
_bГ61
942 _cBK
040 _aUA-OsUOA
_bukr
_cUA-OsUOA
_dUA-OsUOA
245 _aСуспільно-політичні і філософські погляди Лесі Українки
300 _a212 с.
_bІлюстрації
955 _a0
041 _aukr
080 _a82.09(477)
260 _aКиїв
_bДержполітвидав УРСР
_c1953
044 _aUA
650 7 _2UDC
999 _c316053
_d316053